Magna Grecia y Sicilia / (Record no. 57101)
[ view plain ]
| 000 -LEADER | |
|---|---|
| fixed length control field | 00871nam a22002297a 4500 |
| 005 - DATE AND TIME OF LATEST TRANSACTION | |
| control field | 20150124130720.0 |
| 008 - FIXED-LENGTH DATA ELEMENTS--GENERAL INFORMATION | |
| fixed length control field | 140611t mx||||| |||| 00| 0 spa d |
| 020 ## - INTERNATIONAL STANDARD BOOK NUMBER | |
| International Standard Book Number | 970180001X |
| 050 04 - LIBRARY OF CONGRESS CALL NUMBER | |
| Classification number | N5613 |
| Item number | M34 1997 |
| 245 00 - TITLE STATEMENT | |
| Title | Magna Grecia y Sicilia / |
| Statement of responsibility, etc | coordinación editorial Sandro Landucci Lerdo de Tejada, Adriana Konzevik ; traducción Tomás Serrano. |
| 250 ## - EDITION STATEMENT | |
| Edition statement | 1a ed. |
| 260 ## - PUBLICATION, DISTRIBUTION, ETC. (IMPRINT) | |
| Place of publication, distribution, etc | México : |
| Name of publisher, distributor, etc | Museo Nacional de Antropología, Instituto Nacional de Antropología e Historia, Fomento Cultural Banamex, |
| Date of publication, distribution, etc | 1997 |
| 300 ## - PHYSICAL DESCRIPTION | |
| Extent | 253 p. : |
| Other physical details | il. ; |
| Dimensions | 33 cm. |
| 650 #4 - SUBJECT ADDED ENTRY--TOPICAL TERM | |
| Topical term or geographic name as entry element | Magna Grecia |
| Form subdivision | Historia |
| 650 #4 - SUBJECT ADDED ENTRY--TOPICAL TERM | |
| Topical term or geographic name as entry element | Arte griego |
| Form subdivision | Exposiciones |
| 651 #4 - SUBJECT ADDED ENTRY--GEOGRAPHIC NAME | |
| Geographic name | Grecia |
| General subdivision | Antiguedades |
| 651 #4 - SUBJECT ADDED ENTRY--GEOGRAPHIC NAME | |
| Geographic name | Sicilia |
| General subdivision | Arte griego |
| Geographic subdivision | Italia |
| 700 1# - ADDED ENTRY--PERSONAL NAME | |
| Personal name | Landucci Lerdo de Tejada, Sandro, |
| Relator term | coord. |
| 700 1# - ADDED ENTRY--PERSONAL NAME | |
| Personal name | Konzevik, Adriana, |
| Relator term | coord. |
| 700 1# - ADDED ENTRY--PERSONAL NAME | |
| Personal name | Serrano, Tomás, |
| Relator term | tr. |
| 942 ## - ADDED ENTRY ELEMENTS (KOHA) | |
| Source of classification or shelving scheme | Biblioteca del Cogreso de los Estados Unidos |
| Koha item type | Libro |
| Estado de pérdida | Fuente de clasificación | Estado del daño | No para préstamo | Ubicación permanente | Ubicación actual | Apartado o colección | Fecha de adquisición | Fuente de adquisición | Área del conocimiento | Clasificación | Código de Barras | Date last seen | Número de copia | Tipo de recurso |
|---|---|---|---|---|---|---|---|---|---|---|---|---|---|---|
| Biblioteca del Cogreso de los Estados Unidos | Biblioteca de la Facultad de Bellas Artes | Biblioteca de la Facultad de Bellas Artes | General | 11/06/2014 | N5613 M34 1997 | BBA000001839 | 16/01/2015 | 1 | Libro |